000 01068nam0a22002771 4500
001 rc\3819888
005 20120410181938.8
021 _aRU
_b76-7594
021 _aRU
_bРг3921-76
035 _a(NLR Aleph) 007269791
090 _a5397002
_c5397002
100 _a20120410d1975 |||y0rusy50 ca
101 0 _arus
102 _aRU
_aRU
105 _aa z |||||
200 1 _aФизико-технические исследования веществ
_eТемат. сборник
_f[Ред. коллегия: Каррыев Н.А. к. ф. м. н. (отв. ред.)] [и др.]
_gМ-во нар. образ. Туркм. политехн. ин-т
210 _aАшхабад
_cБ. и.
_d1975
215 _a81 с.
_cил.
_d21
320 _aБиблиогр. в конце статей
702 1 _aКаррыев
_bН. А.
_4340
712 0 2 _aТуркменский политехнический институт
_cАшхабад
_3RU\NLR\AUTH\889932523
801 0 _aRU
_bNLR
_gpsbo
801 1 _aRU
_bELAR
_2rusmarc
852 _aNLR
_j76-4/9618
942 _cBOOK
980 _aNB